000
00275nam a2200109Ia 4500
008
190216s9999||||xx |||||||||||||| ||und||
100
_a
Paul Johnson
245
0
_a
History Of The Modern World From 1917 To The 1980
260
_b
John Murrary
650
_a
History
942
_c
BK
999
_c
19431
_d
19431